Organická chemie

Gespeichert in:
Bibliographische Detailangaben
Hauptverfasser: Červinka, Otakar, 1925-2000, Dědek, Václav (Verfasst von), Ferles, Miloslav (Verfasst von)
Format: Buch
Sprache:Tschechisch
Veröffentlicht: Praha SNTL 1970
Ausgabe:1. vyd.
Schriftenreihe:Řada chemické literatury
Schlagworte:
Online-Zugang:Im OPAC anzeigen
Tags: Tag hinzufügen
Keine Tags, Fügen Sie das erste Tag hinzu!

MARC

LEADER 00000nam a2200000 a 4500
005 20260127133942.0
008 090627e1970 xx g cze c
035 |a vtls009552784 
035 |a TNKK024944 
039 9 |a 201602051038  |b AUTHORITY  |c 201110281425  |d mschk03  |y 200906271555  |z VLOAD 
040 |a TTKJF  |b slo  |c TTKJF  |d STUSCHK1  |e AACR2 
041 1 |a cze 
100 1 |a Červinka, Otakar,  |d 1925-2000  |9 877 
245 1 0 |a Organická chemie  |c Otakar Červinka, Václav Dědek, Miloslav Ferles 
250 |a 1. vyd. 
260 |a Praha  |b SNTL  |c 1970 
300 |a 1070 s. 
490 1 |a Řada chemické literatury 
653 |a chémia organická - učebniceVŠ 
700 1 |a Dědek, Václav  |4 aut 
700 1 |a Ferles, Miloslav  |4 aut 
830 0 |a Řada chemické literatury 
910 |a ttkjf 
910 |a SCHK95 
999 |c 741  |d 741